[Event "Caldaro op 4th"]
[Site "Caldaro"]
[Date "2019.10.19"]
[Round "3"]
[White "Perino, Alberto"]
[Black "Bernardi, Ruben"]
[Result "1-0"]
[WhiteElo "2004"]
[BlackElo "2118"]
[PlyCount "89"]
[EventDate "2019.10.18"]
[EventType "swiss"]
[EventRounds "5"]
[EventCountry "ITA"]
[SourceTitle "CBM 192 Extra"]
[Source "Chessbase"]
[SourceDate "2019.11.06"]
[SourceVersion "1"]
[SourceVersionDate "2019.11.06"]
[SourceQuality "1"]

1. e4 e6 2. d4 d5 3. exd5 exd5 4. Nc3 Nf6 5. Bg5 c6 6. Qd2 Be7 7. 0-0-0 0-0 8. f3 Nbd7 9. g4 Re8 10. h4 b5 11. Nce2 a5 12. Ng3 Nb6 13. Kb1 Nc4 14. Bxc4 bxc4 15. Nh3 Rb8 16. Ka1 a4 17. Rhe1 Bd7 18. Rxe7 Qxe7 19. Nh5 Qe2 20. Qxe2 Rxe2 21. Bxf6 Rxc2 22. Rb1 Re8 23. Ng1 Re3 24. Bxg7 Be6 25. Bh6 Rd3 26. f4 f5 27. Ng7 Bd7 28. gxf5 Rdd2 29. Nf3 Rf2 30. Ne5 Rce2 31. f6 Rxe5 32. fxe5 Kf7 33. Bg5 Re2 34. Nh5 Re4 35. Nf4 Rxd4 36. e6+ Bxe6 37. Nxe6 Kxe6 38. Re1+ Kf7 39. Re7+ Kg6 40. Rg7+ Kh5 41. Rxh7+ Kg6 42. Rg7+ Kh5 43. Kb1 Rd1+ 44. Kc2 Rg1 45. f7 1-0

[Event "Innsbruck op 3rd"]
[Site "Innsbruck"]
[Date "2019.08.26"]
[Round "2"]
[White "Bernardi, Ruben"]
[Black "Perman, Sergey"]
[Result "1/2-1/2"]
[WhiteElo "2147"]
[BlackElo "2113"]
[PlyCount "101"]
[EventDate "2019.08.25"]
[EventType "swiss"]
[EventRounds "9"]
[EventCountry "AUT"]
[SourceTitle "EXT 2020"]
[Source "ChessBase"]
[SourceDate "2019.10.17"]
[SourceVersion "1"]
[SourceVersionDate "2019.10.17"]
[SourceQuality "1"]

1. e4 c5 2. Nf3 Nc6 3. c3 d5 4. exd5 Qxd5 5. d4 e6 6. Be2 Nf6 7. 0-0 cxd4 8. cxd4 Be7 9. Nc3 Qa5 10. Bb5 0-0 11. Qe2 Nb4 12. Bd2 Qb6 13. Rac1 Qd6 14. Rfd1 a6 15. Ba4 b5 16. Ne4 Nxe4 17. Qxe4 Qd5 18. Qxd5 Nxd5 19. Bb3 Bb7 20. Ne5 Rfc8 21. Nd3 Nb6 22. Nc5 Bd5 23. Bxd5 Nxd5 24. Ba5 Bg5 25. Rc2 Rc6 26. b4 Rac8 27. g3 Bf6 28. Kf1 g5 29. Rd3 Bd8 30. Rb2 Bxa5 31. bxa5 Kg7 32. a3 h5 33. Re2 Kg6 34. Kg2 Ne7 35. Nd7 Rc3 36. Ree3 Rxd3 37. Rxd3 Rd8 38. Nc5 Rd6 39. Rc3 Nf5 40. d5 exd5 41. Nb7 d4 42. Rc1 Rd7 43. Rc6+ f6 44. Nc5 Rd6 45. Rxa6 Rxa6 46. Nxa6 d3 47. Kf1 Nd4 48. Ke1 Nb3 49. Nc7 Nxa5 50. Nxb5 Nc4 51. Nd4 1/2-1/2

[Event "Cattolica op 6th"]
[Site "Cattolica"]
[Date "2019.06.08"]
[Round "1"]
[White "Barseghyan, Harutyun"]
[Black "Bernardi, Ruben"]
[Result "1-0"]
[WhiteElo "2495"]
[BlackElo "2182"]
[PlyCount "55"]
[EventDate "2019.06.08"]
[EventType "swiss"]
[EventRounds "9"]
[EventCountry "ITA"]
[SourceTitle "CBM 190 Extra"]
[Source "ChessBase"]
[SourceDate "2019.07.15"]
[SourceVersion "1"]
[SourceVersionDate "2019.07.15"]
[SourceQuality "1"]

1. d4 d5 2. Nf3 Nf6 3. c4 e6 4. g3 Bb4+ 5. Bd2 Be7 6. Bg2 0-0 7. 0-0 c6 8. Na3 Ne4 9. Bf4 Nd7 10. Rc1 g5 11. Bd2 f5 12. Nc2 Kh8 13. Bb4 a5 14. Bxe7 Qxe7 15. Nce1 g4 16. Nd2 Ng5 17. Nd3 Qg7 18. e3 Nf6 19. Nf4 h5 20. Qb3 h4 21. Qa3 Rf7 22. Qd6 Bd7 23. gxh4 Nf3+ 24. Bxf3 gxf3+ 25. Kh1 Rg8 26. Nxf3 Qg4 27. Ne5 Qxh4 28. Neg6+ 1-0

[Event "Arco op 40th"]
[Site "Arco"]
[Date "2018.10.17"]
[Round "5"]
[White "Bernardi, Ruben"]
[Black "Rahls, Peter"]
[Result "1-0"]
[WhiteElo "2140"]
[BlackElo "2239"]
[PlyCount "103"]
[EventDate "2018.10.13"]
[EventType "swiss"]
[EventRounds "9"]
[EventCountry "ITA"]
[SourceTitle "CBM 186 Extra"]
[Source "ChessBase"]
[SourceDate "2018.08.24"]
[SourceVersion "1"]
[SourceVersionDate "2018.08.24"]
[SourceQuality "1"]

1. e4 c5 2. c3 e6 3. Nf3 d5 4. exd5 exd5 5. d4 Bd6 6. dxc5 Bxc5 7. Bd3 Ne7 8. 0-0 0-0 9. Nbd2 Nbc6 10. Nb3 Bb6 11. Re1 Bf5 12. Be3 Bxd3 13. Qxd3 Bxe3 14. Rxe3 Qd6 15. Rae1 Rad8 16. Nfd4 Ng6 17. Nxc6 bxc6 18. Qd4 a5 19. Nc5 Rb8 20. b4 Rbc8 21. bxa5 Rb8 22. g3 Rb5 23. Nb3 c5 24. Qa4 Rbb8 25. Qg4 f5 26. Qh5 d4 27. Qd1 f4 28. Re6 Qd5 29. cxd4 c4 30. Nc5 f3 31. R6e3 Qf5 32. Qa4 Nf4 33. Qxc4+ Kh8 34. Qf1 Ne2+ 35. R3xe2 fxe2 36. Qxe2 Qd5 37. Nb3 Qf7 38. Rf1 Rbe8 39. Qc2 Qf3 40. Nc5 h5 41. Qb3 Qf5 42. Qd3 Qf7 43. d5 Qf5 44. Qd4 Rd8 45. Rd1 Rf6 46. Ne4 Rff8 47. a6 h4 48. Nc5 h3 49. Ne6 Rd7 50. Nxf8 Qf3 51. Ng6+ Kg8 52. Nh4 1-0

[Event "Arco op 40th"]
[Site "Arco"]
[Date "2018.10.16"]
[Round "4"]
[White "Bifulco, Michel"]
[Black "Bernardi, Ruben"]
[Result "1/2-1/2"]
[WhiteElo "2271"]
[BlackElo "2140"]
[PlyCount "47"]
[EventDate "2018.10.13"]
[EventType "swiss"]
[EventRounds "9"]
[EventCountry "ITA"]
[SourceTitle "CBM 186 Extra"]
[Source "ChessBase"]
[SourceDate "2018.08.24"]
[SourceVersion "1"]
[SourceVersionDate "2018.08.24"]
[SourceQuality "1"]

1. Nf3 d5 2. e3 Nf6 3. c4 e6 4. b3 c5 5. Bb2 Be7 6. Nc3 0-0 7. cxd5 exd5 8. d4 b6 9. Be2 Bb7 10. Rc1 Nbd7 11. 0-0 Rc8 12. dxc5 bxc5 13. Rc2 h6 14. Rd2 Qb6 15. Qa1 Rfd8 16. Rfd1 Qe6 17. Ne1 Nf8 18. Bf3 g5 19. g3 Ng6 20. Bg2 Ne4 21. Nxe4 dxe4 22. Rxd8+ Bxd8 23. Bf1 Bc7 24. Qc1 1/2-1/2

[Event "Chioggia op-A 13th"]
[Site "Chioggia"]
[Date "2018.09.30"]
[Round "5"]
[White "Bernardi, Ruben"]
[Black "Paltrinieri, Nicholas"]
[Result "0-1"]
[WhiteElo "2140"]
[BlackElo "2277"]
[PlyCount "74"]
[EventDate "2018.09.28"]
[EventType "swiss"]
[EventRounds "5"]
[EventCountry "ITA"]
[SourceTitle "EXT 2022"]
[Source "ChessBase"]
[SourceDate "2021.10.06"]
[SourceVersion "1"]
[SourceVersionDate "2021.10.06"]
[SourceQuality "1"]

1. e4 e6 2. d4 d5 3. Nd2 Be7 4. Ngf3 Nf6 5. e5 Nfd7 6. Bd3 c5 7. c3 b6 8. Qe2 a5 9. 0-0 Ba6 10. Re1 Bxd3 11. Qxd3 Nc6 12. a3 c4 13. Qc2 b5 14. Nf1 Nb6 15. Re3 h6 16. Ne1 Kd7 17. f4 g6 18. Re2 Qg8 19. Ne3 Qh7 20. Nf3 b4 21. axb4 axb4 22. Rxa8 Rxa8 23. Qb1 Qh8 24. b3 cxb3 25. cxb4 Nxb4 26. Qxb3 Ra1 27. Re1 Qa8 28. Bd2 Ra3 29. Qb1 Qa4 30. f5 gxf5 31. Nxf5 Rb3 32. Qa1 exf5 33. e6+ fxe6 34. Ne5+ Kc8 35. Qc1+ Kb7 36. Bxh6 Bf6 37. Qc5 Bxe5 0-1

[Event "Chioggia op-A 13th"]
[Site "Chioggia"]
[Date "2018.09.29"]
[Round "2"]
[White "Zamengo, Fulvio"]
[Black "Bernardi, Ruben"]
[Result "1/2-1/2"]
[WhiteElo "2361"]
[BlackElo "2140"]
[PlyCount "127"]
[EventDate "2018.09.28"]
[EventType "swiss"]
[EventRounds "5"]
[EventCountry "ITA"]
[SourceTitle "EXT 2022"]
[Source "ChessBase"]
[SourceDate "2021.10.06"]
[SourceVersion "1"]
[SourceVersionDate "2021.10.06"]
[SourceQuality "1"]

1. e4 e6 2. d4 d5 3. Nc3 Nf6 4. e5 Nfd7 5. f4 c5 6. Nf3 Nc6 7. Be3 a6 8. Qd2 b5 9. Qf2 Qb6 10. Bd3 cxd4 11. Nxd4 Nxd4 12. Bxd4 Bc5 13. Ne2 0-0 14. 0-0-0 b4 15. Qh4 g6 16. Bxc5 Qxc5 17. Qh6 Qe3+ 18. Kb1 Nxe5 19. Ng3 Ng4 20. Qh4 f5 21. Rhf1 Qc5 22. Rde1 Ra7 23. Ne2 a5 24. Rf3 Rc7 25. h3 Nf6 26. Qf2 Ne4 27. Qxc5 Rxc5 28. Rd1 Rf7 29. Nd4 Ra7 30. Bf1 Kf7 31. a3 Ba6 32. Bd3 Bc4 33. Re3 Rb7 34. axb4 Rxb4 35. Bxe4 dxe4 36. Rc3 Rd5 37. Kc1 Ra4 38. Ra3 Rxa3 39. bxa3 Bf1 40. g3 Bxh3 41. Nc6 Rxd1+ 42. Kxd1 a4 43. Ke2 Ke8 44. Ke3 Bg4 45. Ne5 Bd1 46. Kd2 Bg4 47. Ke3 Ke7 48. c4 Kd6 49. Kd4 Bd1 50. c5+ Kc7 51. Nf7 Bb3 52. Ng5 h5 53. Nf7 Kc6 54. Ne5+ Kb5 55. Nxg6 e3 56. Kxe3 Kxc5 57. Ne5 Bd1 58. Kd2 Bg4 59. Kd3 Kd5 60. Nd7 Kc6 61. Ne5+ Kd5 62. Nd7 Kc6 63. Nf8 Kd5 64. Nd7 1/2-1/2

[Event "Verona op-A"]
[Site "Verona"]
[Date "2017.01.06"]
[Round "7"]
[White "Caprino, Marco"]
[Black "Bernardi, Ruben"]
[Result "1/2-1/2"]
[WhiteElo "2171"]
[BlackElo "2160"]
[PlyCount "186"]
[EventDate "2017.01.02"]
[EventType "swiss"]
[EventRounds "7"]
[EventCountry "ITA"]
[SourceTitle "CBM 176 Extra"]
[Source "ChessBase"]
[SourceDate "2017.03.02"]
[SourceVersion "1"]
[SourceVersionDate "2017.03.02"]
[SourceQuality "1"]

1. c4 e5 2. g3 Nf6 3. Bg2 h6 4. Nc3 Bb4 5. Qc2 0-0 6. a3 Bxc3 7. Qxc3 Re8 8. e3 c6 9. Ne2 d5 10. 0-0 Na6 11. b3 dxc4 12. bxc4 e4 13. Bb2 Nc5 14. Qc2 Qd3 15. Qxd3 exd3 16. Nd4 Na4 17. Rab1 Ne4 18. Bxe4 Rxe4 19. f3 Re7 20. Nb3 Be6 21. Rfc1 c5 22. Kf2 b5 23. Na5 bxc4 24. Bc3 Nb6 25. Nc6 Rc7 26. Nxa7 Rcxa7 27. Rxb6 Rxa3 28. e4 Rb3 29. Rc6 Ra2 30. Ke3 Rc2 31. Re1 Rb5 32. g4 Ra2 33. h3 Ra7 34. f4 Bd7 35. Rd6 Kf8 36. f5 Ke7 37. Rd5 f6 38. h4 Rab7 39. g5 Rb1 40. Rxb1 Rxb1 41. gxf6+ gxf6 42. Rxc5 Rh1 43. Rxc4 Rxh4 44. Bb4+ Ke8 45. Rd4 Bb5 46. Rd6 Rh3+ 47. Kd4 Kf7 48. Rb6 Ba4 49. Rb7+ Kg8 50. Be7 Rh4 51. Rc7 Bc2 52. Bxf6 Rh2 53. Kc3 h5 54. Rg7+ Kf8 55. Rh7 Kg8 56. Rg7+ Kf8 57. e5 Rf2 58. Rg5 Bd1 59. Kxd3 Bg4 60. Bg7+ Ke7 61. f6+ Ke6 62. Bh8 Rf4 63. Rg8 Kf7 64. Rg7+ Kf8 65. Ke3 Rf1 66. d4 Be6 67. Rh7 Rh1 68. Re7 Bf7 69. Kf2 Rh2+ 70. Kg3 Re2 71. Bg7+ Kg8 72. Bh6 Re4 73. Kf3 Bd5 74. Kf2 Bf7 75. Bg5 h4 76. Bc1 h3 77. Kg3 Re1 78. Bf4 Re4 79. Bg5 Rg4+ 80. Kxh3 Rxg5 81. e6 Bxe6+ 82. Rxe6 Kf7 83. Kh4 Rd5 84. Re4 Kxf6 85. Kg4 Rf5 86. Kg3 Rf1 87. Re8 Rf5 88. Kg4 Rd5 89. Re4 Ra5 90. Kf4 Ra1 91. Re2 Rf1+ 92. Ke4 Ke6 93. Re3 Kd6 1/2-1/2

[Event "Verona op-A"]
[Site "Verona"]
[Date "2017.01.02"]
[Round "1"]
[White "Bernardi, Ruben"]
[Black "Binder, Andrea"]
[Result "1/2-1/2"]
[WhiteElo "2160"]
[BlackElo "2000"]
[PlyCount "65"]
[EventDate "2017.01.02"]
[EventType "swiss"]
[EventRounds "7"]
[EventCountry "ITA"]
[SourceTitle "CBM 176 Extra"]
[Source "ChessBase"]
[SourceDate "2017.03.02"]
[SourceVersion "1"]
[SourceVersionDate "2017.03.02"]
[SourceQuality "1"]

1. e4 d6 2. d4 Nf6 3. Nc3 g6 4. f4 Bg7 5. Nf3 c5 6. Bb5+ Bd7 7. e5 Ng4 8. e6 Bxb5 9. exf7+ Kf8 10. Nxb5 Qa5+ 11. Nc3 cxd4 12. Nxd4 Nc6 13. Ne6+ Kxf7 14. Nxg7 Nf6 15. 0-0 Qc5+ 16. Kh1 Kxg7 17. Qe2 Rhe8 18. Be3 Qf5 19. Nb5 Rac8 20. c3 Qe4 21. Rae1 a6 22. Nd4 Nxd4 23. Bxd4 Qxe2 24. Rxe2 Kf7 25. f5 gxf5 26. Rxf5 e5 27. Be3 Ke6 28. Ref2 Ng4 29. R2f3 Nxe3 30. Rf6+ Ke7 31. Rf7+ Ke6 32. R7f6+ Ke7 33. Rf7+ 1/2-1/2

[Event "Ortisei Server24 op 3rd"]
[Site "Ortisei"]
[Date "2016.06.11"]
[Round "9"]
[White "Enkhtuul, Altanulzii"]
[Black "Bernardi, Ruben"]
[Result "1/2-1/2"]
[WhiteElo "2258"]
[BlackElo "2189"]
[PlyCount "124"]
[EventDate "2016.06.04"]
[EventType "swiss"]
[EventRounds "9"]
[EventCountry "ITA"]
[SourceTitle "CBM 172 Extra"]
[Source "ChessBase"]
[SourceDate "2016.06.21"]
[SourceVersion "1"]
[SourceVersionDate "2016.06.21"]
[SourceQuality "1"]

1. d4 Nf6 2. Nf3 e6 3. c4 b6 4. g3 Ba6 5. b3 Bb4+ 6. Bd2 Be7 7. Bg2 d5 8. Qc2 0-0 9. 0-0 c5 10. Rd1 Nc6 11. Be1 Rc8 12. dxc5 Bxc5 13. a3 Be7 14. Nc3 Qe8 15. cxd5 exd5 16. Qb1 Rd8 17. e3 Rd6 18. b4 Bc4 19. b5 Na5 20. Nd4 g6 21. Na4 Nb7 22. Nc6 Rxc6 23. bxc6 Qxc6 24. Nb2 Be2 25. Rc1 Nc5 26. Nd3 Qd7 27. Nxc5 bxc5 28. Ra2 Bg4 29. a4 Qe6 30. Qd3 Bf5 31. Qe2 Re8 32. Rb2 c4 33. Rd1 Rc8 34. Bc3 Ba3 35. Ra2 Be7 36. Bxf6 Qxf6 37. Bxd5 Bd3 38. Qf3 Qg7 39. e4 Bf6 40. Kg2 Rb8 41. Rc1 Bg5 42. Rxc4 Bxc4 43. Bxc4 Qf6 44. Qe2 Re8 45. Bd5 Qd6 46. f4 Bd8 47. Rc2 Bb6 48. Qd2 Rd8 49. a5 Bc7 50. Qc3 Rd7 51. Rd2 Qe7 52. Qd4 Rd8 53. Qxa7 Qb4 54. Bxf7+ Kg7 55. Rxd8 Bxd8 56. Bd5+ Kh6 57. a6 Bb6 58. Qb8 Qc5 59. Qe5 Qf2+ 60. Kh3 Qf1+ 61. Kh4 Bd8+ 62. Qg5+ Kg7 1/2-1/2

[Event "Bad Woerishofen op 32nd"]
[Site "Bad Woerishofen"]
[Date "2016.02.27"]
[Round "2"]
[White "Bernardi, Ruben"]
[Black "Chatalbashev, Boris"]
[Result "1/2-1/2"]
[WhiteElo "2158"]
[BlackElo "2563"]
[PlyCount "81"]
[EventDate "2016.02.26"]
[EventType "swiss"]
[EventRounds "9"]
[EventCountry "GER"]
[SourceTitle "CBM 171 Extra"]
[Source "ChessBase"]
[SourceDate "2016.04.26"]
[SourceVersion "1"]
[SourceVersionDate "2016.04.26"]
[SourceQuality "1"]

1. e4 g6 2. d4 Bg7 3. Nc3 d6 4. f4 Nf6 5. Nf3 0-0 6. Bd3 Na6 7. e5 dxe5 8. dxe5 Nd5 9. Nxd5 Qxd5 10. Bxa6 Qa5+ 11. Bd2 Qxa6 12. Qe2 Qb6 13. Bc3 a5 14. Qf2 Qa6 15. Qc5 Bf5 16. 0-0-0 b6 17. Qxe7 Qc4 18. Nd4 Bg4 19. Rd3 Qxa2 20. Re1 c5 21. Nb5 Qa1+ 22. Kd2 Qa4 23. Nd6 Qxf4+ 24. Rde3 Bh6 25. Kc1 Bg5 26. Qc7 Qa4 27. Kb1 Bxe3 28. Rxe3 Be6 29. Rf3 Qg4 30. Qe7 Qxg2 31. Qf6 a4 32. Rf2 Qd5 33. Rf1 b5 34. Nf5 Bxf5 35. e6 Qd4 36. Bxd4 cxd4 37. Rxf5 gxf5 38. Qg5+ Kh8 39. Qf6+ Kg8 40. Qg5+ Kh8 41. Qf6+ 1/2-1/2

[Event "Arco Pasqua op 2nd"]
[Site "Arco"]
[Date "2015.04.10"]
[Round "5"]
[White "Bernardi, Ruben"]
[Black "Engl, Alexander"]
[Result "1-0"]
[WhiteElo "2135"]
[BlackElo "1781"]
[PlyCount "111"]
[EventDate "2015.04.07"]
[EventType "swiss"]
[EventRounds "7"]
[EventCountry "ITA"]
[SourceTitle "EXT 2017"]
[Source "ChessBase"]
[SourceDate "2016.10.25"]
[SourceVersion "1"]
[SourceVersionDate "2016.10.25"]
[SourceQuality "1"]

1. e4 e6 2. d4 d5 3. Nd2 Nf6 4. e5 Nfd7 5. c3 c5 6. Bd3 Nc6 7. Ne2 cxd4 8. cxd4 f6 9. Nf4 Nxd4 10. Qh5+ Ke7 11. Ng6+ hxg6 12. exf6+ Kxf6 13. Qxh8 Kf7 14. 0-0 Qf6 15. Nb3 Nxb3 16. axb3 Nc5 17. Bc2 e5 18. b4 Ne6 19. Bb3 Nc7 20. Be3 Be6 21. Rxa7 Rxa7 22. Bxa7 Bxb4 23. Bb6 Bd6 24. Ba4 Qe7 25. Rc1 Na6 26. Rc3 e4 27. Bd4 Qf8 28. Qh7 Nc5 29. Bc2 b5 30. b4 Nd7 31. Rc6 Ne5 32. Ra6 Qc8 33. Ra7+ Bd7 34. Qh3 Kg8 35. Qb3 Be6 36. Qb2 Qb8 37. Qa1 Kh7 38. Ra6 Nf7 39. Bxg7 Bxh2+ 40. Kh1 Bd6 41. Ra8 Qc7 42. Bh8 Kh6 43. Qg7+ Kh5 44. Rg8 Ne5 45. Qxc7 Bxc7 46. Bxe5 Bxg8 47. Bxc7 Kg5 48. Be5 Kf5 49. Bd4 g5 50. Kg1 Bf7 51. Kf1 g4 52. Ke2 Bh5 53. Ke3 Kg5 54. Bb3 Bf7 55. Be5 Kf5 56. Kd4 1-0

[Event "Arco Pasqua op 2nd"]
[Site "Arco"]
[Date "2015.04.07"]
[Round "1"]
[White "Bernardi, Ruben"]
[Black "Filosi, Gianluigi"]
[Result "1-0"]
[WhiteElo "2135"]
[BlackElo "1655"]
[PlyCount "91"]
[EventDate "2015.04.07"]
[EventType "swiss"]
[EventRounds "7"]
[EventCountry "ITA"]
[SourceTitle "EXT 2017"]
[Source "ChessBase"]
[SourceDate "2016.10.25"]
[SourceVersion "1"]
[SourceVersionDate "2016.10.25"]
[SourceQuality "1"]

1. e4 e6 2. d4 d5 3. Nd2 dxe4 4. Nxe4 Nf6 5. Bd3 Nxe4 6. Bxe4 Nd7 7. Ne2 Nf6 8. Bf3 Bd6 9. 0-0 0-0 10. c4 c6 11. Bg5 h6 12. Be3 Qd7 13. Qc1 e5 14. Ng3 Ng4 15. dxe5 Bxe5 16. Bc5 Re8 17. Qc2 Bxg3 18. fxg3 Qf5 19. Qxf5 Bxf5 20. Bxc6 bxc6 21. Rxf5 Re2 22. h3 Nf6 23. Rf2 Re6 24. Rf3 Re2 25. Rf2 Re6 26. Rc2 a6 27. Rd1 Rae8 28. Kh2 Ne4 29. Bg1 f5 30. Rf1 g6 31. Rf3 Rb8 32. Ra3 c5 33. Rd3 Reb6 34. b3 Re8 35. Rd5 Rc6 36. Rc1 Kf7 37. Rf1 Kf6 38. Rf3 Ree6 39. Be3 Kf7 40. Bxh6 Nf6 41. Rd8 Ne8 42. g4 Ke7 43. Bg5+ Nf6 44. Rfd3 Kf7 45. gxf5 gxf5 46. Bxf6 1-0

[Event "Arco op 36th"]
[Site "Arco"]
[Date "2014.10.10"]
[Round "7"]
[White "Paleologu, Vladimir"]
[Black "Bernardi, Ruben"]
[Result "1/2-1/2"]
[WhiteElo "2170"]
[BlackElo "2098"]
[PlyCount "73"]
[EventDate "2014.10.04"]
[EventType "swiss"]
[EventRounds "9"]
[EventCountry "ITA"]
[SourceTitle "CBM 162 Extra"]
[Source "ChessBase"]
[SourceDate "2014.10.17"]
[SourceVersion "1"]
[SourceVersionDate "2014.10.17"]
[SourceQuality "1"]

1. e4 e6 2. d4 d5 3. e5 c5 4. Qg4 cxd4 5. Nf3 Nc6 6. Bd3 Nge7 7. 0-0 Qc7 8. Re1 Bd7 9. a3 g6 10. Bg5 Bg7 11. Qf4 h6 12. Bf6 g5 13. Qg4 Bxf6 14. exf6 Ng8 15. Nxd4 Nxd4 16. Qxd4 Qb6 17. Qe5 Rc8 18. Nd2 Kf8 19. Re3 Qc7 20. Qd4 Qc5 21. Qe5 d4 22. Qxc5+ Rxc5 23. Re4 Nxf6 24. Rxd4 Ke7 25. Re1 Rhc8 26. c4 R5c6 27. f4 Rd6 28. Rxd6 Kxd6 29. fxg5 hxg5 30. Rf1 Ke7 31. b4 Rd8 32. Nf3 Be8 33. Be2 Ne4 34. Rd1 Rxd1+ 35. Bxd1 f6 36. Bc2 Nd6 37. Bd3 1/2-1/2

[Event "Arco op 36th"]
[Site "Arco"]
[Date "2014.10.07"]
[Round "4"]
[White "Bernardi, Ruben"]
[Black "Buglisi, Massimo"]
[Result "1-0"]
[WhiteElo "2098"]
[BlackElo "1923"]
[PlyCount "100"]
[EventDate "2014.10.04"]
[EventType "swiss"]
[EventRounds "9"]
[EventCountry "ITA"]
[SourceTitle "EXT 2016"]
[Source "ChessBase"]
[SourceDate "2015.10.08"]
[SourceVersion "1"]
[SourceVersionDate "2015.10.08"]
[SourceQuality "1"]

1. e4 d6 2. d4 Nf6 3. Nc3 g6 4. Nge2 Bg7 5. g3 0-0 6. Bg2 Nbd7 7. h3 c5 8. Be3 Rb8 9. a4 b6 10. 0-0 a6 11. f4 cxd4 12. Bxd4 Bb7 13. g4 e5 14. fxe5 dxe5 15. Be3 Nc5 16. Bxc5 bxc5 17. Qxd8 Rfxd8 18. Rfd1 c4 19. g5 Nh5 20. Rxd8+ Rxd8 21. Nd5 Bxd5 22. exd5 f5 23. gxf6 Nxf6 24. Nc3 Bf8 25. Bf1 Rc8 26. Kg2 Kg7 27. Re1 Bd6 28. Ne4 Nxe4 29. Rxe4 Rb8 30. Rxc4 Rxb2 31. Rc6 Ba3 32. Bxa6 Rb4 33. Bb5 Rd4 34. c4 Bb4 35. Re6 e4 36. Kf2 Bc5 37. Ke2 h6 38. a5 g5 39. a6 h5 40. a7 Bxa7 41. Re7+ Kf6 42. Rxa7 Rd3 43. Bd7 Ke5 44. Be6 Kd4 45. Ra1 Re3+ 46. Kf2 Rc3 47. Rd1+ Kxc4 48. d6+ Kc5 49. d7 Rf3+ 50. Ke2 Rf8 1-0

[Event "Olympiad-41"]
[Site "Tromsoe"]
[Date "2014.08.05"]
[Round "4.2"]
[White "Mannhart, Marcel"]
[Black "Bernardi, Ruben"]
[Result "1/2-1/2"]
[WhiteElo "2105"]
[BlackElo "2114"]
[PlyCount "80"]
[EventDate "2014.08.02"]
[EventType "team-swiss"]
[EventRounds "11"]
[EventCountry "NOR"]
[SourceTitle "CBM 162"]
[Source "ChessBase"]
[SourceDate "2014.09.17"]
[SourceVersion "1"]
[SourceVersionDate "2014.09.17"]
[SourceQuality "1"]
[WhiteTeam "Liechtenstein"]
[BlackTeam "IPCA"]
[WhiteTeamCountry "LIE"]

1. Nc3 c5 2. e4 Nc6 3. f4 e6 4. Nf3 Nge7 5. d3 d5 6. Be2 d4 7. Nb1 g6 8. 0-0 Bg7 9. c4 e5 10. Nxe5 Nxe5 11. fxe5 Nc6 12. Bf4 0-0 13. Qd2 Nxe5 14. Na3 f5 15. Bf3 Nxf3+ 16. gxf3 Bd7 17. Rf2 Qe7 18. Re1 Rfe8 19. Nc2 Qf8 20. Rg2 fxe4 21. fxe4 Qe7 22. Ree2 Rf8 23. Ref2 Be5 24. Bh6 Rxf2 25. Rxf2 Bh3 26. Bg5 Qe6 27. Qe2 Kg7 28. Bf4 Bxf4 29. Rxf4 g5 30. Rf2 Qg4+ 31. Qxg4 Bxg4 32. Rg2 h5 33. h3 Bxh3 34. Rxg5+ Kh6 35. Rxc5 Rg8+ 36. Kh1 Rg3 37. Nxd4 Rxd3 38. Rd5 Re3 39. Re5 Rd3 40. Rd5 Re3 1/2-1/2

[Event "Olympiad-41"]
[Site "Tromsoe"]
[Date "2014.08.02"]
[Round "1.3"]
[White "Safarli, Eltaj"]
[Black "Bernardi, Ruben"]
[Result "1-0"]
[WhiteElo "2649"]
[BlackElo "2114"]
[PlyCount "79"]
[EventDate "2014.08.02"]
[EventType "team-swiss"]
[EventRounds "11"]
[EventCountry "NOR"]
[SourceTitle "CBM 162"]
[Source "ChessBase"]
[SourceDate "2014.09.17"]
[SourceVersion "1"]
[SourceVersionDate "2014.09.17"]
[SourceQuality "1"]
[WhiteTeam "Azerbaijan"]
[BlackTeam "IPCA"]
[WhiteTeamCountry "AZE"]

1. e4 e6 2. d4 d5 3. Nd2 Nf6 4. Bd3 c5 5. c3 Nc6 6. Ngf3 cxd4 7. cxd4 g5 8. h3 Bg7 9. e5 Nd7 10. Nf1 h6 11. Ng3 f5 12. exf6 Qxf6 13. Nh5 Qf7 14. Nxg7+ Qxg7 15. Be3 0-0 16. Bb5 Ne7 17. 0-0 a6 18. Bd3 Nc6 19. Bc2 Nf6 20. Ne5 Nxe5 21. dxe5 Nd7 22. Bd4 Rf4 23. Re1 Nf8 24. Be3 Rf7 25. h4 Ng6 26. hxg5 Nf4 27. Bxf4 Rxf4 28. g6 Bd7 29. g3 Rff8 30. Qh5 Rac8 31. Rac1 Rc7 32. Bd3 Rfc8 33. Rxc7 Rxc7 34. Qh4 Rc8 35. Kg2 Rf8 36. Qd4 Be8 37. Qg4 Qe7 38. Rh1 Kg7 39. Rxh6 Kxh6 40. Qh3+ 1-0

[Event "W-ch Disabled"]
[Site "Dresden"]
[Date "2013.10.25"]
[Round "4"]
[White "Bernardi, Ruben"]
[Black "Markov, Ilja"]
[Result "1/2-1/2"]
[WhiteElo "2109"]
[BlackElo "1917"]
[PlyCount "114"]
[EventDate "2013.10.22"]
[EventType "swiss"]
[EventRounds "7"]
[EventCountry "GER"]
[SourceTitle "CBM 157 Extra"]
[Source "ChessBase"]
[SourceDate "2013.12.19"]
[SourceVersion "1"]
[SourceVersionDate "2013.12.19"]
[SourceQuality "1"]

1. e4 d5 2. exd5 Nf6 3. d4 Nxd5 4. c4 Nf6 5. Nc3 g6 6. Nge2 b6 7. Bg5 Bg7 8. Qd2 Bf5 9. Ng3 Bd7 10. Be2 Na6 11. Bf3 Rb8 12. 0-0 0-0 13. Rfe1 Re8 14. a3 c6 15. Rad1 Rc8 16. h4 Bg4 17. Qe2 Bxf3 18. Qxf3 Qd7 19. b4 h6 20. Bc1 Qg4 21. Qxg4 Nxg4 22. f3 Nf6 23. Rd3 e6 24. Red1 Red8 25. Nge2 Rd7 26. Be3 Rcd8 27. Nc1 Nc7 28. a4 Nce8 29. b5 cxb5 30. axb5 Nh5 31. g4 Nhf6 32. Nb3 Nd6 33. c5 Nc4 34. Bc1 bxc5 35. Nxc5 Rc7 36. Na6 Rcd7 37. Nb4 Nb6 38. Nc6 Rc8 39. Ne4 Nxe4 40. fxe4 a6 41. Be3 axb5 42. d5 Nc4 43. dxe6 Rxd3 44. Rxd3 Rxc6 45. Rd8+ Kh7 46. e7 Re6 47. Bc5 Rxe4 48. e8Q Rxe8 49. Rxe8 Ne5 50. Re7 Bf6 51. Rb7 Kg7 52. Kg2 Nxg4 53. Kh3 h5 54. Rxb5 Be5 55. Rb7 Bf6 56. Rb8 Kh7 57. Re8 Be5 1/2-1/2

[Event "W-ch Disabled"]
[Site "Dresden"]
[Date "2013.10.24"]
[Round "3"]
[White "Stachanczyk, Jacek"]
[Black "Bernardi, Ruben"]
[Result "1-0"]
[WhiteElo "2227"]
[BlackElo "2109"]
[PlyCount "79"]
[EventDate "2013.10.22"]
[EventType "swiss"]
[EventRounds "7"]
[EventCountry "GER"]
[SourceTitle "CBM 157 Extra"]
[Source "ChessBase"]
[SourceDate "2013.12.19"]
[SourceVersion "1"]
[SourceVersionDate "2013.12.19"]
[SourceQuality "1"]

1. e4 c5 2. Nf3 Nc6 3. d4 cxd4 4. Nxd4 e5 5. Nb5 d6 6. N1c3 a6 7. Na3 b5 8. Nd5 Nf6 9. Bg5 Be7 10. Bxf6 Bxf6 11. c3 Bg5 12. Nc2 0-0 13. a4 bxa4 14. Rxa4 a5 15. Bc4 Rb8 16. b3 Kh8 17. Nce3 Ne7 18. Nxe7 Qxe7 19. Nd5 Qd8 20. 0-0 f5 21. exf5 Bxf5 22. Ra2 Bd7 23. Qd3 a4 24. bxa4 Qa5 25. Nb4 Be7 26. Qd5 Qa8 27. a5 Qa7 28. a6 Rfc8 29. Qf7 Bf6 30. Rd1 Rc7 31. Qd5 Be7 32. h3 Rf8 33. Qe4 Bf5 34. Qe2 Rfc8 35. Bd5 Rxc3 36. Bb7 Be6 37. Bxc8 Bxa2 38. Bb7 Bb3 39. Qb2 Bxd1 40. Qxc3 1-0